000
00267nam a2200109Ia 4500
005
20251222114416.0
008
251222s1900||||xx |||||||||||||| ||spa||
082
_a
DVD0070 H79/2001/E.j2
245
0
_a
Una mente brillante
264
_b
Imagine Entertainment
942
_c
DVD
999
_c
2218
_d
2218